000 00985nam a2200265Ia 4500
003 CO-CtgCURN
005 20250408215252.0
008 190722s9999 xx 000 0 und d
020 _a9789586537261
040 _aCO-CtgCURN
_bspa
_ccoctgcurn
082 _a342.06
_bV732da
100 _aVillegas Arbelaez, Jairo
245 0 _aDerecho administrativo laboral /
_cJairo Villegas Arbelaez
250 _a8 edición
260 _aBogotá, Colombia :
_bLegis,
_c2008
300 _a783 páginas ;
_c23 centímetros
505 _avol. 1. Principios estructurales y relaciones individuales -- vol. 2. Relaciones colectivas y aspectos procesales
521 _aAREA PROFESIONAL
590 _aPrograma de Derecho_18
650 _aDerecho administrativo
650 _aDerecho laboral
942 _cBK
_h342.06
_iV732da
_2ddc
_n0
999 _c28378
_d28378